Régimen y cocina para curar las enfermedades de la piel / (Registro nro. 10801)

Detalles MARC
000 -LIDER
fixed length control field 00825nam a22003017a 4500
003 - IDENTIFICACDOR DE NÚMERO DE CONTROL
control field DO-SdBNP
005 - DATE AND TIME OF LATEST TRANSACTION
control field 20230505121104.0
008 - ELEMENTOS DE LONGITUD FIJA
fixed length control field 180202b1980 sp || 00| 0 spa d
020 ## - ISBN
International Standard Book Number 8430205497
040 ## - FUENTE DE CATALOGACIÓN
Agencia que crea de manera original el registro BPMSU
Idioma de catalogación spa
Agencia que realiza la transcripción BPMSU
082 #4 - NÚMERO DE CLASIFICACIÓN DECIMAL DE DEWEY
Classification number 641.5632
Item number S618r 1980
Edition number 22
092 ## - LOCALLY ASSIGNED DEWEY DECIMAL CALL NUMBER
Número de clasificación
Número de ítem (Cutter)
100 1# - ASIENTO PRINCIPAL -- NOMBRE PERSONAL
Nombre personal Sintes Pros, Jordi
245 10 - MENCIÓN DE TITULO
Título Régimen y cocina para curar las enfermedades de la piel /
Enlace Jordi Sintes Pros
260 ## - PUBLICACIÓN, DISTRIBUCIÓN, ETC. (PIE DE IMPRENTA)
Lugar de publicación, distribución, etc Madrid :
Nombre del editor, distribuidor, etc. Editorial Sintes,
Fecha de publicación, distribución, etc 1980.
300 ## - DESCRIPCIÓN FÍSICA
Extensión 278, [10] p. ;
Dimensiones 22 cm.
490 0# - MENCIÓN DE SERIES
Mención de serie Biblioteca naturista
500 ## - NOTA GENERAL
Nota general
590 ## - NOTA LOCAL
Enlace Inventariado, 2023/VM
650 ## - ENCABEZAMIENTO DE MATERIA--TEMÁTICO
Término temático o nombre geográfico como elemento de entrada
650 #4 - ENCABEZAMIENTO DE MATERIA--TEMÁTICO
Término temático o nombre geográfico como elemento de entrada Cocina para enfermos
650 #4 - ENCABEZAMIENTO DE MATERIA--TEMÁTICO
Término temático o nombre geográfico como elemento de entrada Enfermedades de la piel
700 ## - ASIENTO SECUNDARIO -- NOMBRE PERSONAL
Mención de responsabilidad
700 ## - ASIENTO SECUNDARIO -- NOMBRE PERSONAL
Término de relación
830 ## - ASIENTO SECUNDARIO DE SERIE--TÍTULO UNIFORME
Título uniforme
910 ## - VALIDACIÓN
Validación BTAVAREZ/ VMateo V. Control de calidad (BPMSU)
942 ## - ADDED ENTRY ELEMENTS (KOHA)
Source of classification or shelving scheme Dewey Decimal Classification
Koha item type Libros
Existencias
Withdrawn status Lost status Source of classification or shelving scheme Damaged status Not for loan Collection code Home library Current library Date acquired Source of acquisition Full call number Barcode Date last seen Price effective from Koha item type Copy number
    Dewey Decimal Classification     Colección General Biblioteca Pública Metropolitana Salomé Ureña Biblioteca Pública Metropolitana Salomé Ureña 07/08/2016 BPMSU CG 641.5632 S618r 1980 BPMSU18020025 07/08/2016 01/02/2018 Libros  
    Dewey Decimal Classification     Colección Juvenil General Biblioteca Pública Metropolitana Salomé Ureña Biblioteca Pública Metropolitana Salomé Ureña 02/02/2018 BPMSU CG 641.5632 S618r BPMSU18020026 02/02/2018 02/02/2018 Libros e.2